书目信息 |
| 题名: |
第一次世界大战史
|
|
| 作者: | 罗斯图诺夫 主编 | |
| 分册: | 上册 1914-1918年 | |
| 出版信息: | 上海 上海译文出版社 1982.8 |
|
| 页数: | 481页 | |
| 开本: | 20cm | |
| 丛书名: | ||
| 单 册: | ||
| 中图分类: | K143 | |
| 科图分类: | ||
| 主题词: | 世界史:近代史 | |
| 电子资源: | ||
| ISBN: | ||
| 000 | 00640nam0 2200205 45 | |
| 001 | 0312221749 | |
| 005 | 20060724112548.17 | |
| 010 | @dCNY1.60 | |
| 091 | @a11188.23 | |
| 100 | @a20031222d1982 km y0chiy0120 ea | |
| 101 | @achi | |
| 200 | 1 | @a第一次世界大战史@ADi Yi Ci Shi Jie Da Zhan Shi@i1914-1918年@h上册@f(苏)罗斯图诺夫主编@F(Su)Luo Si Tu Nuo Fu Zhu Bian |
| 210 | @a上海@c上海译文出版社@d1982.8 | |
| 215 | @a481页@c地图@d20cm | |
| 517 | @a1914-1918年@A1914-1918 Nian | |
| 606 | 0 | @a世界史:近代史 |
| 690 | @aK143@v3 | |
| 701 | 0 | @a罗斯图诺夫@4主编 |
| 801 | @aCN@bTSTCL@c20060724 | |
| 905 | @dK143@e24:1@f1@b78685@b124512@f1@f1@b124514 | |
| 第一次世界大战史.1914-1918年.上册/(苏)罗斯图诺夫主编.-上海:上海译文出版社,1982.8 |
| 481页:地图;20cm |
| ISBN :CNY1.60 |
| ● |
| 相关链接 |
|
|
|
|
正题名:第一次世界大战史
索取号:K143/24:1
 
预约/预借
| 序号 | 登录号 | 条形码 | 馆藏地/架位号 | 状态 | 备注 |
| 1 | 0078684 | 001218998 | 密集书库/ [索取号:K143/24:1] | 在馆 | |
| 2 | 0078685 | 001856012 | 密集书库/ [索取号:K143/24:1] | 在馆 | |
| 3 | 0078686 | 001218970 | 第二样本阅览室/ [索取号:K143/24:1] | 在馆 | |
| 4 | 0124512 | 001855923 | 密集书库/ [索取号:K143/24:1] | 在馆 | |
| 5 | 0124513 | 001535379 | 密集书库/ [索取号:K143/24:1] | 在馆 | |
| 6 | 0124514 | 001855914 | 密集书库/ [索取号:K143/24:1] | 在馆 | |
| 7 | 0173263 | 001843900 | 密集书库/ [索取号:K143/24:1] | 在馆 | |
| 8 | 0173264 | 001843875 | 密集书库/ [索取号:K143/24:1] | 在馆 | |
| 9 | 0173265 | 001843839 | 密集书库/ [索取号:K143/24:1] | 在馆 | |
| 10 | 0435874 | 204358747 | 密集书库/ [索取号:K143/24:1] | 在馆 |